LEADER 01277cam0 2200373 450 001 000001490 005 20081229123048.0 010 $a88-15-00854-3 100 $a20000622d1986----km-y0itay50------ba 101 1 $aita$ceng 102 $aIT 105 $ay-------001yy 200 1 $aMoneta, capitale e benessere$esaggi di teoria economica$fJohn Hicks 210 $aBologna$cIl Mulino$d1986 215 $a420 p.$d22 cm 225 2 $aCollezione di testi e studi$iEconomia 305 $aEdizione italiana a cura di Carlo Casarosa, Stefano Zamagni. 410 0$12001$aCollezione di testi e studi 500 10$aMoney, interest & wages$m$951629 610 1 $aEconomia$aTeorie 610 1 $aMoneta$aTeorie 610 1 $aEconomia del benessere$aSaggi 676 $a330.15$v12$9Scuole di pensiero economico 676 $a330.1$v19$9Scienze economiche. Sistemi e teorie 676 $a330.155$v20$9Economia. Scuole varie 700 1$aHicks,$bJohn Richard$0173832 702 1$aCasarosa,$bCarlo$4070 702 1$aZamagni,$bStefano$4070 801 0$aIT$bUNIPARTHENOPE$gRICA$2UNIMARC 912 $a000001490 951 $aGEC-330/2$b33723$cNAVA1$d20000911 951 $a020/188$b9/CNR$cNAVA2 996 $aMoney, interest & wages$951629 997 $aUNIPARTHENOPE LEADER 02003nam 2200565 450 001 9910788683703321 005 20230814232156.0 010 $a1-59213-975-2 035 $a(CKB)3240000000065706 035 $a(DLC) 2017046306 035 $a(MiAaPQ)EBC5124754 035 $a(Au-PeEL)EBL5124754 035 $a(CaPaEBR)ebr11465056 035 $a(OCoLC)1012344484 035 $a(EXLCZ)993240000000065706 100 $a20171205h20182018 uy 0 101 0 $aeng 135 $aur||||||||||| 181 $ctxt$2rdacontent 182 $cn$2rdamedia 183 $anc$2rdacarrier 200 10$aCommunities and crime $ean enduring American challenge /$fPamela Wilcox, Francis T. Cullen, and Ben Feldmeyer 210 1$aPhiladelphia, Pennsylvania :$cTemple University Press,$d2018. 210 4$dİ2018 215 $a1 online resource 225 1 $aUrban Life, Landscape and Policy 311 $a1-59213-974-4 311 $a1-59213-973-6 320 $aIncludes bibliographical references and index. 327 $aImages of community in criminological thought -- Community as socially disorganized -- Community as a system -- Community as the truly disadvantaged -- Community as a criminal culture -- Community as a broken window -- Community as criminal opportunity -- Community as collective efficacy -- Communities and crime: looking ahead. 410 0$aUrban life, landscape, and policy. 606 $aCrime$xSociological aspects 606 $aNeighborhoods 606 $aInner cities 606 $aSociology, Urban 615 0$aCrime$xSociological aspects. 615 0$aNeighborhoods. 615 0$aInner cities. 615 0$aSociology, Urban. 676 $a364.973 700 $aWilcox$b Pamela$f1968-$01496311 702 $aCullen$b Francis T. 702 $aFeldmeyer$b Ben 801 0$bMiAaPQ 801 1$bMiAaPQ 801 2$bMiAaPQ 906 $aBOOK 912 $a9910788683703321 996 $aCommunities and crime$93720912 997 $aUNINA